Premlčanie peňažných nárokov a smrť zamestnanca

Bibliographic Details
Main Author: Nemec, Alexander (Author)
Format: Article
Language:Slovak

MARC

LEADER 00000nab a2200000ua 4500
001 vtls010830862
003 SK-MaSNL
005 20260303144516.0
008 230222s2004 xo |||||||||||||||||slo|
035 |a (urnnbn)urn:nbn:sk:snk:ar-a06hja 
035 |a urn:nbn:sk:snk-ab5vvx 
035 |a (uuid)252e6bec-d214-4796-acfc-8eba5c9ad162 
040 |a SNKBUCL  |b slo  |c SNKBUCL  |e AACR2 
041 0 |a slo 
044 |a xo  |c SK 
100 1 |a Nemec, Alexander  |4 aut  |9 382353 
245 1 0 |a Premlčanie peňažných nárokov a smrť zamestnanca  |c Alexander Nemec 
773 0 |t Sestra : odborný mesačník pre ošetrovateľstvo  |g Roč. 3, č. 9 (2004), s. 48 
954 |a odborná, vedecká literatúra pôvodná (slovenská)  |2 lita 
958 |a OND 
958 |a EUIPO 
958 |a article5 
999 |c 1997642  |d 1999572